El budismo nihilista
Salvato in:
| Autore principale: | |
|---|---|
| Natura: | Libro |
| Lingua: | spagnolo |
| Pubblicazione: |
Buenos Aires
Eudeba
1962
|
| Serie: | Colección Ensayos
|
| Soggetti: | |
| Tags: |
Aggiungi Tag
Nessun Tag, puoi essere il primo ad aggiungerne!!
|
MARC
| LEADER | 00000nam a2200000 a 4500 | ||
|---|---|---|---|
| 001 | UCY5065 | ||
| 003 | CL-VaPUC | ||
| 008 | 950411e19620000AG |||||||||||||||||spa|d | ||
| 082 | 0 | 4 | |a 294.3 |b FAT |2 21 |
| 100 | 0 | |a Fatone, Vicente |e author |9 333654 | |
| 245 | 1 | 3 | |a El budismo nihilista |
| 300 | |a 166 p | ||
| 942 | |c BK | ||
| 945 | |d 19950411 00:00:00 |a aalvarez | ||
| 260 | |a Buenos Aires |b Eudeba |c 1962 | ||
| 650 | 7 | |a BUDISMO |2 CL-VaPUC |9 333655 | |
| 583 | |a last modification |c 19950411 00:00:00 |k Rodrigo Vera | ||
| 490 | 0 | |a Colección Ensayos | |
| 999 | |c 232793 |d 232791 | ||
| 952 | |0 0 |1 0 |4 0 |6 294_300000000000000_FAT_1962 |7 0 |8 A |9 237681 |a BIBHIS |b BIBHIS |d 2019-11-15 |i 3073416 |o 294.3 FAT 1962 |p 3073416 |r 2025-01-20 |w 2019-11-15 |y BK |k HIS | ||